The escape and other stories : Elementary level
Αποθηκεύτηκε σε:
| Κύριος συγγραφέας: | |
|---|---|
| Μορφή: | Βιβλίο |
| Γλώσσα: | English |
| Δημοσίευση: |
Oxford :
Heinemann,
1992
|
| Θέματα: | |
| Ετικέτες: |
Προσθήκη ετικέτας
Δεν υπάρχουν, Καταχωρήστε ετικέτα πρώτοι!
|
MARC
| LEADER | 00000nam a2200000 i 4500 | ||
|---|---|---|---|
| 001 | 1/23609 | ||
| 008 | 950320s1992 eng d | ||
| 020 | |a 0-435-27199-7 | ||
| 035 | |l 10022117 | ||
| 040 | |a GR-MY-UA |b gre |e aacr | ||
| 041 | 0 | |a eng | |
| 082 | 0 | |a 428.64 | |
| 100 | 1 | |a Maugham, W. Somerset |q (William Somerset) |d 1874-1965. | |
| 245 | 1 | 4 | |a The escape and other stories : |b Elementary level / |c W. Somerset Maugham |
| 260 | |a Oxford : |b Heinemann, |c 1992 | ||
| 650 | 0 | 0 | |a English language |x Readers. |
| 852 | |a INST |b CHIOS |e 19950320 |h 428.64 MAU |p 005200003944 |q 005200003944 |t BK |y 0 | ||
| 909 | |a Χ |b 037371 | ||